Comuni della Sicilia - Statistics

Statistiche generali
  • Questo quiz è stato fatto 29 volte
  • Il punteggio medio è 50 su 391
Statistiche sulle risposte
Provincia Comune % Corretto
Agrigento Agrigento
69%
Gela
58%
Caltanissetta
54%
Enna Enna
54%
Messina
54%
Palermo
54%
Ragusa
54%
Catania
50%
Marsala
50%
Siracusa
50%
Aci Castello
46%
Acireale
46%
Mazara del Vallo
46%
Taormina
42%
Cefalù
38%
Aci Catena
35%
Trapani Alcamo
35%
Aragona
35%
Erice
35%
Milazzo
35%
Monreale
35%
Noto
35%
Pantelleria
35%
Vittoria
35%
Aci Sant'Antonio
31%
Siracusa Augusta
31%
Comiso
31%
Favara
31%
Nicosia
31%
Piazza Armerina
31%
Sciacca
31%
Termini Imerese
31%
Ragusa Acate
27%
Enna Agira
27%
Aidone
27%
Avola
27%
Bagheria
27%
Canicattì
27%
Castelvetrano
27%
Corleone
27%
Favignana
27%
Licata
27%
Misterbianco
27%
Modica
27%
Paternò
27%
San Vito Lo Capo
27%
Catania Aci Bonaccorsi
23%
Altavilla Milicia
23%
Castellammare del Golfo
23%
Giardini-Naxos
23%
Lampedusa e Linosa
23%
Lentini
23%
Lipari
23%
Niscemi
23%
Pachino
23%
Pietraperzia
23%
Porto Empedocle
23%
Regalbuto
23%
Salemi
23%
Scicli
23%
Valguarnera Caropepe
23%
Adrano
19%
Alì
19%
Assoro
19%
Barrafranca
19%
Belpasso
19%
Biancavilla
19%
Bronte
19%
Butera
19%
Calascibetta
19%
Calatafimi Segesta
19%
Caltabellotta
19%
Caltagirone
19%
Camastra
19%
Cammarata
19%
Capo d'Orlando
19%
Catenanuova
19%
Centuripe
19%
Cerami
19%
Chiaramonte Gulfi
19%
Custonaci
19%
Gagliano Castelferrato
19%
Leonforte
19%
Menfi
19%
Misilmeri
19%
Montallegro
19%
Naro
19%
Nissoria
19%
Palagonia
19%
Pozzallo
19%
Racalmuto
19%
Riesi
19%
Salaparuta
19%
San Biagio Platani
19%
San Cataldo
19%
San Giovanni la Punta
19%
Sant'Angelo Muxaro
19%
Tremestieri Etneo
19%
Troina
19%
Villarosa
19%
Vita
19%
Vizzini
19%
Zafferana Etnea
19%
Caltanissetta Acquaviva Platani
15%
Palermo Alia
15%
Alimena
15%
Bisacquino
15%
Bompensiere
15%
Buseto Palizzolo
15%
Calamonaci
15%
Campobello di Licata
15%
Capaci
15%
Cinisi
15%
Comitini
15%
Delia
15%
Ficarazzi
15%
Ficarra
15%
Floridia
15%
Giarrattana
15%
Gibellina
15%
Grammichele
15%
Grotte
15%
Ispica
15%
Linguaglossa
15%
Lucca Sicula
15%
Marianopoli
15%
Mazzarino
15%
Milena
15%
Militello in Val di Catania
15%
Montedoro
15%
Monterosso Almo
15%
Montevago
15%
Mussomeli
15%
Nicolosi
15%
Novara di Sicilia
15%
Paceco
15%
Palma di Montechiaro
15%
Partanna
15%
Partinico
15%
Patti
15%
Petralia Soprana
15%
Petralia Sottana
15%
Petrosino
15%
Piana degli Albanesi
15%
Poggioreale
15%
Ramacca
15%
Randazzo
15%
Ravanusa
15%
Realmonte
15%
San Giovanni Gemini
15%
San Giuseppe Jato
15%
Santa Caterina Villarmosa
15%
Santa Croce Camerina
15%
Santa Ninfa
15%
Siculiana
15%
Sommatino
15%
Sperlinga
15%
Sutera
15%
Trecastagni
15%
Ustica
15%
Valderice
15%
Villabate
15%
Villalba
15%
Messina Acquedolci
12%
Aliminusa
12%
Altofonte
12%
Balestrate
12%
Bivona
12%
Palermo Blufi
12%
Bolognetta
12%
Bompietro
12%
Burgio
12%
Caccamo
12%
Campobello di Mazara
12%
Campofiorito
12%
Campofranco
12%
Carini
12%
Castelbuono
12%
Castiglione di Sicilia
12%
Castrofilippo
12%
Cattolica Eraclea
12%
Cefalà Diana
12%
Cianciana
12%
Gangi
12%
Giarre
12%
Giuliana
12%
Gravina di Catania
12%
Isola delle Femmine
12%
Joppolo Giancaxio
12%
Licodia Eubea
12%
Mascali
12%
Mascalucia
12%
Mezzojuso
12%
Milo
12%
Mineo
12%
Mirabella Imbaccari
12%
Montelepre
12%
Oliveri
12%
Pace del Mela
12%
Palazzo Adriano
12%
Pedara
12%
Raddusa
12%
Raffadali
12%
Resuttano
12%
Ribera
12%
Riposto
12%
Roccapalumba
12%
San Cipirello
12%
San Cono
12%
San Filippo del Mela
12%
San Gregorio di Catania
12%
San Michele di Ganzaria
12%
San Pietro Clarenza
12%
Santa Elisabetta
12%
Sant'Agata li Battiati
12%
Santa Lucia del Mela
12%
Santa Margherita di Belice
12%
Santa Venerina
12%
Scordia
12%
Serradifalco
12%
Sortino
12%
Trabia
12%
Trapai
12%
Trappeto
12%
Vallelunga Pratameno
12%
Viagrande
12%
Vicari
12%
Villafranca Sicula
12%
Villafranca Tirrena
12%
Villafrati
12%
Basicò
8%
Borgetto
8%
Buscemi
8%
Camporeale
8%
Camporotondo Etneo
8%
Canicattini Bagni
8%
Carlentini
8%
Casteldaccia
8%
Castellana Sicula
8%
Casteltermini
8%
Cerda
8%
Contessa Entellina
8%
Fiumefreddo di Sicilia
8%
Giardinello
8%
Gioiosa Marea
8%
Lercara Friddi
8%
Letojanni
8%
Longi
8%
Maletto
8%
Maniace
8%
Marineo
8%
Mazzarone
8%
Motta Sant'Anastasia
8%
Naso
8%
Palazzolo Acreide
8%
Piedimonte Etneo
8%
Pollina
8%
Prizzi
8%
Ragalna
8%
Roccamena
8%
Santa Flavia
8%
Sant'Agata di Militello
8%
Sant'Alfio
8%
Santa Maria di Licodia
8%
Santo Stefano di Camastra
8%
Santo Stefano Quisquina
8%
Terrasini
8%
Torretta
8%
Valverde
8%
Ventimiglia di Sicilia
8%
Alcara Li Fusi
4%
Alessandia della Rocca
4%
Baucina
4%
Buccheri
4%
Caltavuturo
4%
Castel di Sicilia
4%
Castelmola
4%
Cesarò
4%
Chiusa Sclafani
4%
Ferla
4%
Francavilla di Sicilia
4%
Francofonte
4%
Furnari
4%
Geraci Siculo
4%
Lascari
4%
Leni
4%
Malfa
4%
Melilli
4%
Merì
4%
Mistretta
4%
Monforte San Giorgio
4%
Nizza di Sicilia
4%
Polizzi Generosa
4%
Priolo Gargallo
4%
Roccavaldina
4%
Rometta
4%
Rosolini
4%
San Pier Niceto
4%
Santa Teresa di Riva
4%
Saponara
4%
Scillato
4%
Spadafora
4%
Terme Vigliatore
4%
Torregrotta
4%
Tusa
4%
Valdina
4%
Venetico
4%
AlìTerme
0%
Antillo
0%
Barcellona Pozzo di Grotto
0%
Belmonte Mazzagno
0%
Brolo
0%
Calatabano
0%
Campofelice di Fitalia
0%
Campofelice di Roccella
0%
Capizzi
0%
Capri Leone
0%
Caronia
0%
Casalvecchio Siculo
0%
Cassaro
0%
Castel di Lucio
0%
Castell'Umberto
0%
Castronovo di Sicilia
0%
Castroreale
0%
Cimimna
0%
Collesano
0%
Condriò
0%
Falcone
0%
Firza d'Agrò
0%
Fiumedinisi
0%
Floresta
0%
Fondachelli-Fantina
0%
Frazzanò
0%
Furci Siculo
0%
Gaggi
0%
Galati Mamertino
0%
Gallodoro
0%
Godrano
0%
Graniti
0%
Gratteri
0%
Gualtieri Sicaminò
0%
Isnello
0%
Itala
0%
Librizzi
0%
Limina
0%
Malvagna
0%
Mandanici
0%
Mazzarà Sant'Andrea
0%
Militello Rosmarino
0%
Mirto
0%
Misilscemi
0%
Mojo Alcantara
0%
Mongiuffi Melia
0%
Montagnareale
0%
Montalbano Elicona
0%
Montemaggiore Belsito
0%
Motta Camastra
0%
Motta d'Affermo
0%
Pagliara
0%
Partopalo di Capo Passero
0%
Pettineo
0%
Piraino
0%
Raccuja
0%
Reitano
0%
Roccafiorita
0%
Roccalumera
0%
Roccella Valdemone
0%
Rodì Milici
0%
Sambica di Sicilia
0%
San Fratello
0%
San Marco d'Alunzio
0%
San Mauro Castelverde
0%
San Piero Patti
0%
San Salvatore di Fitalia
0%
Santa Domenica Vittoria
0%
Sant'Alessio Siculo
0%
Santa Maria Salina
0%
Sant'Angelo di Brolo
0%
San Teodoro
0%
Savoca
0%
Sbata Cristina Gela
0%
Scaletta Zanclea
0%
Sciara
0%
Sclafani Bagni
0%
Sinagra
0%
Solarino
0%
Torrenova
0%
Tortorici
0%
Tripi
0%
Ucria
0%
Valledolmo
0%
Nessun quiz corrispondente trovato
Distribuzione punteggi
Percentuale di utenti per punteggio
Percentile per numero di risposta
I tuoi punteggi nel tempo
Non hai fatto questo quiz